000
00341nam a22001457a 4500
008
221122b ||||| |||| 00| 0 eng d
020
_a
9780803617209
041
_a
eng
080
_2
3 edition
_a
617
082
_a
617 STA
100
_a
15.1
101
_a
ORTO
245
_a
ORTHOPEDIC AND ATHLETIC INJURIES
_c
STARKEY CH
942
_2
udc
_c
BK
999
_c
59011
_d
59011